| 000 | 00747cam a22002054a 4500 | ||
|---|---|---|---|
| 020 | _a0072538953 (hard copy : alk. paper) | ||
| 020 | _a0072994398 (MathZone student access kit) | ||
| 040 | _cDLC | ||
| 082 | 0 | 0 | _a512 MCG 2006 A031 Or. |
| 100 | 1 | _aDugopolski, Mark. | |
| 245 | 1 | 0 | _aElementary and intermediate algebra / |
| 250 | _a2nd ed. | ||
| 260 |
_aBoston Burr Ridge, Ill. : _bMcGraw Hill Higher Education, _cc2006. |
||
| 300 |
_axxxiv, 930, A-111, I-10 p. : _bill. (some col.) ; _c26 cm. + _e1 MathZone student access kit. |
||
| 500 | _aIncludes index. | ||
| 650 | 0 | _aAlgebra | |
| 856 | 4 | 1 | _uhttp://www.loc.gov/catdir/toc/ecip052/2004023716.html |
| 856 | 4 | 2 | _uhttp://www.loc.gov/catdir/enhancements/fy0668/2004023716-d.html |
| 942 | _cEK | ||
| 999 |
_c12049 _d12049 |
||